Geografía 2 : sociedad y naturaleza en América Latina. (Registro nro. 708)
[ vista simple ]
| 000 -CABECERA | |
|---|---|
| fixed length control field | 00685nam a2200241Ia 4500 |
| 003 - CONTROL NUMBER IDENTIFIER | |
| control field | AR-BeUNQ |
| 005 - FECHA Y HORA DE LA ULTIMA TRANSACCION | |
| control field | 20240429150156.0 |
| 008 - ELEMENTOS DE LONGITUD FIJA-INFORMACION GENERAL | |
| fixed length control field | 221202s9999 xx 000 0 und d |
| 020 ## - NUMERO INTERNACIONAL NORMALIZADO PARA LIBROS | |
| Número Internacional Normalizado del libro | 9789500115902 |
| 040 ## - FUENTE DE CATALOGACION | |
| Agencia de catalogación original | AR-BeUNQ |
| Idioma de catalogación | ESPAÑOL |
| Convenciones de la descripción | aacr |
| Agencia que realiza la transcripción | AR-BeUNQ |
| 245 #0 - MENCION DE TITULO | |
| Título | Geografía 2 : sociedad y naturaleza en América Latina. |
| 250 ## - MENCION DE EDICION | |
| Mención de edición | 1a.ed |
| 260 ## - PUBLICACION, DISTRIBUCION, ETC. | |
| Lugar de publicación, distribución, etc. | Boulogne : |
| Nombre del editor, distribuidor, etc. | Estrada, |
| Fecha de publicación, distribución, etc | 2013 |
| 300 ## - DESCRIPCION FISICA | |
| Extensión | 240 p. : |
| Otros detalles físicos | il. ; |
| Dimensiones | 20 x 28 cm |
| 490 ## - MENCION DE SERIE | |
| Mención de serie | Serie Huellas |
| 521 ## - NOTA DE AUDIENCIA | |
| Nota de audiencia | Contien cudadernillo |
| 546 ## - NOTA DE IDIOMA | |
| Nota de idioma | Español |
| 653 ## - TERMINO DE INDIZACION - NO CONTROLADO | |
| Término de indización no controlado | Geografia |
| 653 ## - TERMINO DE INDIZACION - NO CONTROLADO | |
| Término de indización no controlado | Geografía |
| 700 ## - ASIENTO SECUNDARIO - NOMBRE DE PERSONA | |
| Personal name | Márquez, Mariana |
| 929 ## - DATOS DE ADQUISICION | |
| Proveedor | Fihman, Daniel |
| Fecha de recibido | 2022 |
| Procedencia | DONACION |
| Número de inventario | 60227 |
| Patrimonio UNQ | PAT0081640 |
| 942 ## - ELEMENTOS DE PUNTO DE ACCESO ADICIONAL (KOHA) | |
| Tipo de ítem Koha | Libros |
| Suppress in OPAC | 0 |
| Estado de retiro | Estado de pérdida | Fecha de ingreso | Total Checkouts | Signatura topográfica completa | Inventario | Date last seen | Tipo de ítem Koha |
|---|---|---|---|---|---|---|---|
| 02/12/2022 | 910 GEO | 60227 | 02/12/2022 | Libros |